[Bálint Sándor fénykép]
Elmentve itt :
| Dokumentumtípus: | Cikk |
|---|---|
| Megjelent: |
2004
|
| Sorozat: | Tiszatáj
58 No. 8 |
| Kulcsszavak: | Illusztráció - fénykép |
| Online Access: | http://tiszataj.bibl.u-szeged.hu/18818 |
| LEADER | 00522nab a2200169 i 4500 | ||
|---|---|---|---|
| 001 | tisza18818 | ||
| 005 | 20200331085631.0 | ||
| 008 | 170119s2004 hu o 0|| hun d | ||
| 022 | |a 0133-1167 | ||
| 040 | |a SZTE Tiszatáj Archívum |b hun | ||
| 041 | |a hun | ||
| 245 | 0 | 0 | |a [Bálint Sándor |h [elektronikus dokumentum] : |b fénykép] |
| 260 | |c 2004 | ||
| 300 | |a 67 | ||
| 490 | 0 | |a Tiszatáj |v 58 No. 8 | |
| 695 | |a Illusztráció - fénykép | ||
| 856 | 4 | 0 | |u http://tiszataj.bibl.u-szeged.hu/18818/1/tiszataj_2004_008_067.pdf |z Dokumentum-elérés |